[Event "Pega no meu peru ;D"]
[Site "http://www.queenalice.com/game.php?id=92350"]
[Date "2006.8.3"]
[Round "-"]
[White "renard"]
[Black "feto"]
[Result "1-0"]
[WhiteElo "1013"]
[BlackElo "1109"]

1. d3 e6 2. g3 b6 3. b3 Ba6 4. Bg2 Qf6 5. c3 Nc6 6. Nd2 Nh6 7. Ngf3 Nb4 8. cxb4
Qxa1 9. d4 Qxa2 10. Ne5 Bb7 11. Bxb7 Rb8 12. Be4 d5 13. Bb1 Qa1 14. Qc2 Bxb4 15.
Bb2 Qa5 16. O-O c5 17. Nc6 Qa6 18. Nxb8 Qb7 19. dxc5 Qxb8 20. cxb6 Qxb6 21. Qc8+
Qd8 22. Qc2 O-O 23. Qxh7# 1-0

[Event "Challenge"]
[Site "http://www.queenalice.com/game.php?id=92762"]
[Date "2006.8.4"]
[Round "-"]
[White "claudiocaire"]
[Black "renard"]
[Result "0-1"]
[WhiteElo "1415"]
[BlackElo "1115"]

1. e4 e6 2. Qf3 g6 3. Nh3 d5 4. Ng5 Qxg5 5. exd5 Bb4 6. Kd1 exd5 7. a3 Bg4 8.
Be2 Bxf3 9. gxf3 Be7 10. h4 Qh5 11. f4 Qf5 12. d4 Nc6 13. Bd3 Qg4+ 14. Be2 Qg2
15. Rf1 Nxd4 16. b4 Bxh4 17. Nd2 h5 18. c3 Nf5 19. c4 dxc4 20. Bxc4 Rd8 21. Re1+
Nge7 22. Bb2 O-O 23. Kc1 Nc6 24. b5 Na5 25. Bf1 Qxf2 26. Re4 Qxd2+ 27. Kb1 Rfe8
28. Ra4 Re1+ 29. Ka2 Qd5+ 30. Bc4 Nxc4 31. Rxe1 Nxa3+ 32. Ka1 Nc2+ 33. Kb1 Nxe1
34. Rxa7 Qxb5 35. Ra1 Rd2 36. Ra2 c5 37. Kc1 Rc2+ 38. Kd1 Qd3# 0-1

[Event "Challenge"]
[Site "http://www.queenalice.com/game.php?id=92772"]
[Date "2006.8.4"]
[Round "-"]
[White "claudiocaire"]
[Black "renard"]
[Result "1-0"]
[WhiteElo "1407"]
[BlackElo "1044"]

1. e4 f6 2. Nf3 e6 3. c3 Qe7 4. Na3 Nc6 5. Nb5 Qd6 6. Nxd6+ Bxd6 7. Nd4 Nxd4 8.
cxd4 Bb4 9. a3 Ba5 10. b4 Bb6 11. Qg4 Bxd4 12. Rb1 Nh6 13. Qxg7 Be5 14. Qxh8+
1-0

[Event "FORRO!"]
[Site "http://www.queenalice.com/game.php?id=93853"]
[Date "2006.8.8"]
[Round "-"]
[White "feto"]
[Black "renard"]
[Result "1-0"]
[WhiteElo "1109"]
[BlackElo "1058"]

1. e3 b6 2. Qf3 c6 3. Nh3 Na6 4. a4 d5 5. c4 Nb4 6. Na3 e6 7. Be2 Nc2+ 8. Nxc2
g6 9. O-O Nf6 10. b4 Qd6 11. Qxf6 Qc7 12. Qxh8 dxc4 13. Qxh7 Bd6 14. g3 e5 15.
Bb2 Bxh3 16. Qh8+ Bf8 17. Qxh3 Qc8 18. Qg2 a5 19. Bf3 c5 20. Bc6+ Kd8 21. Bxa8
axb4 22. Bxe5 b3 23. Na3 b2 24. Bxb2 Kc7 25. Nb5+ Kb8 26. Be5+ 1-0

[Event "Show me your moves :D"]
[Site "http://www.queenalice.com/game.php?id=94225"]
[Date "2006.8.9"]
[Round "-"]
[White "renard"]
[Black "Reddaz"]
[Result "0-1"]
[WhiteElo "1060"]
[BlackElo "1894"]

1. e4 c5 2. Nf3 Nc6 3. d3 g6 4. b3 Bg7 5. e5 Nxe5 6. Nfd2 Nxd3+ 7. cxd3 Bxa1 8.
Qf3 Qa5 9. Be2 Qxa2 10. Nc3 Bxc3 0-1

[Event "To afim de perder again :D"]
[Site "http://www.queenalice.com/game.php?id=94250"]
[Date "2006.8.9"]
[Round "-"]
[White "msmeyer"]
[Black "renard"]
[Result "0-1"]
[WhiteElo "1565"]
[BlackElo "1056"]

1. e4 Nf6 2. d4 Nxe4 3. f3 Nd6 4. Qe2 Nc6 5. Bg5 Nxd4 6. Qe4 Nxe4 7. fxe4 Nxc2+
8. Kd1 Nxa1 9. Bc4 d6 10. Bb5+ c6 11. Bc4 Bg4+ 12. Nf3 Bh5 13. Rf1 f6 14. Bf4 e5
15. Be3 d5 16. exd5 Bg6 17. Nbd2 Nc2 18. dxc6 Nxe3+ 19. Ke2 Nxc4 20. cxb7 Nxd2
21. bxa8=Q Qxa8 22. Nxd2 Qxg2+ 23. Rf2 Bh5+ 24. Ke1 Qa8 25. Nc4 Qe4+ 26. Kd2
Qd4+ 27. Ke1 Bb4+ 28. Nd2 O-O 29. a3 Bc5 30. Rf5 Bg4 31. Rf2 Qxf2# 0-1

[Event "AUTO-OPEN-354"]
[Site "http://www.queenalice.com/game.php?id=94645"]
[Date "2006.8.11"]
[Round "1"]
[White "NextFuture"]
[Black "renard"]
[Result "1-0"]
[WhiteElo "1979"]
[BlackElo "1143"]

1. e4 Nf6 2. e5 Nd5 3. c4 Nb6 4. Nc3 Nxc4 5. Bxc4 Nc6 6. d4 e6 7. Nf3 Nb4 8. O-O
b6 9. Qe2 d6 10. a3 Nc6 11. Rd1 a6 12. d5 exd5 13. Bxd5 Bb7 14. exd6+ Kd7 15.
dxc7 Qe7 16. Bxf7+ 1-0

[Event "AUTO-OPEN-354"]
[Site "http://www.queenalice.com/game.php?id=94646"]
[Date "2006.8.11"]
[Round "1"]
[White "renard"]
[Black "NextFuture"]
[Result "0-1"]
[WhiteElo "1141"]
[BlackElo "1981"]

1. d3 e5 2. h4 d5 3. Bg5 Be7 4. Bc1 Nf6 5. g3 O-O 6. Nh3 Re8 7. Bg2 c5 8. f4 Nc6
9. Ng5 Qb6 10. Bd2 Bf5 11. Nc3 Rad8 12. e3 exf4 13. gxf4 d4 14. Na4 Qc7 15. Nf3
dxe3 16. Bxe3 Bd6 17. c3 Bxf4 18. Bh3 Rxe3+ 0-1

[Event "AUTO-OPEN-354"]
[Site "http://www.queenalice.com/game.php?id=94673"]
[Date "2006.8.11"]
[Round "1"]
[White "fpferreira"]
[Black "renard"]
[Result "1-0"]
[WhiteElo "1434"]
[BlackElo "1135"]

1. e4 e6 2. d4 Bb4+ 3. Bd2 Bf8 4. Nf3 d6 5. Nc3 Qf6 6. Bg5 Qg6 7. Bd3 h6 8. Bh4
Nc6 9. d5 Nd8 10. e5 Qxg2 11. Ke2 g5 12. Qg1 Qh3 13. Qg3 exd5 14. Qxh3 Bxh3 15.
Bg3 dxe5 16. Nxe5 Ne6 17. Nxd5 Bg4+ 18. Nxg4 1-0

[Event "AUTO-OPEN-354"]
[Site "http://www.queenalice.com/game.php?id=94674"]
[Date "2006.8.11"]
[Round "1"]
[White "renard"]
[Black "fpferreira"]
[Result "0-1"]
[WhiteElo "1131"]
[BlackElo "1438"]

1. e3 e5 2. Bc4 Nf6 3. Nf3 d6 4. c3 Be6 5. Be2 Nc6 6. Na3 Bg4 7. Bc4 Bxf3 8.
Qxf3 e4 9. Qh5 Nxh5 10. d3 exd3 11. Bxd3 Qh4 12. Nb5 O-O-O 13. Bf5+ Kb8 14. e4
Ne5 15. g3 Qh3 0-1

[Event "AUTO-OPEN-354"]
[Site "http://www.queenalice.com/game.php?id=94693"]
[Date "2006.8.11"]
[Round "1"]
[White "renard"]
[Black "dgrecu"]
[Result "0-1"]
[WhiteElo "1137"]
[BlackElo "1585"]

1. d3 e5 2. h4 h5 3. Bg5 f6 4. Bc1 Nc6 5. Rh3 d5 6. Nf3 Bxh3 7. gxh3 d4 8. c3
Nh6 9. cxd4 Bb4+ 10. Nc3 exd4 0-1

[Event "AUTO-OPEN-354"]
[Site "http://www.queenalice.com/game.php?id=94694"]
[Date "2006.8.11"]
[Round "1"]
[White "dgrecu"]
[Black "renard"]
[Result "1-0"]
[WhiteElo "1583"]
[BlackElo "1139"]

1. e4 d6 2. Nf3 g6 3. Nc3 h6 4. Bc4 c6 5. d4 Bg4 6. h3 Bh5 7. O-O Qc7 8. Bf4 Nd7
9. e5 dxe5 10. dxe5 g5 11. Bg3 1-0

[Event "Metal!"]
[Site "http://www.queenalice.com/game.php?id=94785"]
[Date "2006.8.11"]
[Round "-"]
[White "feto"]
[Black "renard"]
[Result "1-0"]
[WhiteElo "1238"]
[BlackElo "1065"]

1. e3 b6 2. Qf3 Nc6 3. d4 Bb7 4. Nd2 Nb4 5. Qxb7 c6 6. Ba6 Rb8 7. Qxa7 Ra8 8.
Qb7 Rxa6 9. a3 Nxc2+ 10. Kd1 Ra8 11. Kxc2 h5 12. Nc4 Rb8 13. Qa6 Ra8 14. Qxb6
Qc8 15. e4 d6 16. d5 c5 17. Qc6+ Qxc6 18. dxc6 Rc8 19. Na5 c4 20. Bd2 e6 21. Re1
Nf6 22. Nh3 Nxe4 23. Rxe4 g6 24. Rxc4 Ra8 25. c7 Rc8 26. Nc6 Rxc7 27. Re1 Bg7
28. Ng5 Bh6 29. Kb1 O-O 30. Rd1 d5 31. Rc3 Rfc8 32. Na7 1-0

[Event "Transtorno Obsessivo-Compulsivo"]
[Site "http://www.queenalice.com/game.php?id=98307"]
[Date "2006.8.22"]
[Round "-"]
[White "renard"]
[Black "feto"]
[Result "0-1"]
[WhiteElo "1105"]
[BlackElo "1282"]

1. e3 e6 2. g3 d5 3. d3 Nh6 4. Nh3 Na6 5. Nf4 Bd6 6. d4 Bd7 7. Nc3 Qe7 8. h4 c5
9. dxc5 Bxf4 10. gxf4 Qxc5 11. Rg1 g6 12. a3 Qe7 13. a4 Qxh4 14. Ne2 Ng4 15. Ng3
Qf6 16. Qxg4 e5 17. Bb5 Nc5 18. Qxd7+ Nxd7 19. b3 Qe6 20. e4 O-O 21. f5 Qd6 22.
c4 dxc4 23. Ba3 Nc5 24. bxc4 Qd4 25. Rd1 Qc3+ 26. Rd2 Qxa3 27. Rd5 Nd3+ 28. Kd2
Rad8 29. Rxd8 Rxd8 30. Kc2 Nb4+ 31. Kb1 Qb3+ 32. Kc1 Qc2# 0-1